| 000 | 02015nam0a22003251 4500 | ||
|---|---|---|---|
| 001 | RU\NLR\A1SV\111607 | ||
| 005 | 20260607030453.0 | ||
| 035 | _a(NLR Aleph) 009792960 | ||
| 090 |
_a10144478 _c10144478 |
||
| 100 | _a20110822d1921 u y0rusy50 ca | ||
| 101 | 0 | _arus | |
| 102 | _aRU | ||
| 200 | 1 |
_aДоклады т.т. Троцкого, Каменева, Мельничанского, Шмидта, Смидовича, Хинчука [и резолюции, принятые Конференцией] _fМоск. губ. совет профсоюзов. Ред.-изд. Широкая конф. фабр.-завод. ком., правлений союзов и Пленума МГСПС (28-29 окт. 1921 г.) |
|
| 210 |
_a[М.] _cГос. изд. Моск. отд-ние _d1921 |
||
| 215 |
_a91 с. _d22,5 см |
||
| 620 | _dМосква | ||
| 702 | 1 |
_7ca _8rus _aТроцкий _bЛ. Д. _f1879-1940 _gЛев Давыдович _9120109 _3RU\NLR\AUTH\7710331 |
|
| 702 | 1 |
_8rus _7ca _aКаменев _bЛ. Б. _f1883-1936 _gЛев Борисович _3RU\NLR\AUTH\7717661 _9747 |
|
| 702 | 1 |
_7ca _8rus _aМельничанский _bГ. Н. _cреволюционер, профсоюзный деятель _f1886-1937 _gГригорий Натанович _9174847 _3RU\NLR\AUTH\770174898 |
|
| 702 | 1 |
_aШмидт _bВ. В. _cгос. и обществ. деятель _f1886-1938 _gВасилий Владимирович _9171140 _3RU\NLR\AUTH\770171190 |
|
| 702 | 1 |
_7ca _8rus _aСмидович _bП. Г. _f1874-1935 _gПетр Гермогенович _9118214 _3RU\NLR\AUTH\778303 |
|
| 702 | 1 |
_aХинчук _bЛ. М. _cгос. деятель, дипломат _f1868-1939 _gЛев Михайлович _9172388 _3RU\NLR\AUTH\770172438 |
|
| 710 | 1 | 2 |
_aШирокая конф. фабр.-завод. ком., правлений союзов и пленума МГСПС _d1921 _eМосква |
| 801 | 0 |
_aRU _bNLR _c20110822 |
|
| 852 |
_aNLR _j37.60.7.227 |
||
| 899 | _aГОПБ | ||
| 942 | _cBOOK | ||
| 980 | _aNB | ||
| 980 | _aA1SV | ||